<?xml version="1.0" encoding="UTF-8"?>
<record
    xmlns:xsi="http://www.w3.org/2001/XMLSchema-instance"
    xsi:schemaLocation="http://www.loc.gov/MARC21/slim http://www.loc.gov/standards/marcxml/schema/MARC21slim.xsd"
    xmlns="http://www.loc.gov/MARC21/slim">

  <leader>00537nam a22001577a 4500</leader>
  <controlfield tag="003">OSt</controlfield>
  <controlfield tag="005">20151101153543.0</controlfield>
  <controlfield tag="008">151101b        xxu||||| |||| 00| 0 eng d</controlfield>
  <datafield tag="040" ind1=" " ind2=" ">
    <subfield code="c">RUA</subfield>
  </datafield>
  <datafield tag="082" ind1=" " ind2=" ">
    <subfield code="a">FOR &#x17A1;&#x17C4; 1991 B116 Or.1</subfield>
  </datafield>
  <datafield tag="100" ind1=" " ind2=" ">
    <subfield code="9">3154</subfield>
    <subfield code="a">&#x17A1;&#x17C4; &#x179F;&#x17C1;&#x1784;</subfield>
  </datafield>
  <datafield tag="245" ind1=" " ind2=" ">
    <subfield code="a">&#x1780;&#x17B6;&#x179A;&#x179F;&#x17D2;&#x179A;&#x17C4;&#x1785;&#x179F;&#x17D2;&#x179A;&#x1784;&#x17CB;&#x1792;&#x1793;&#x1792;&#x17B6;&#x1793;&#x1796;&#x17D2;&#x179A;&#x17C3;&#x1788;&#x17BE;&#x1780;&#x17D2;&#x179A;&#x17C4;&#x1799;&#x179F;&#x1784;&#x17D2;&#x179A;&#x17D2;&#x1782;&#x17B6;&#x1798;&#x1793;&#x17C5;&#x1780;&#x17D2;&#x1793;&#x17BB;&#x1784;&#x1781;&#x17C1;&#x178F;&#x17D2;&#x178F;&#x1780;&#x17C6;&#x1796;&#x1784;&#x17CB;&#x1785;&#x17B6;&#x1798;</subfield>
  </datafield>
  <datafield tag="260" ind1=" " ind2=" ">
    <subfield code="a">Phnom Penh</subfield>
    <subfield code="b">RUA</subfield>
    <subfield code="c">1991</subfield>
  </datafield>
  <datafield tag="300" ind1=" " ind2=" ">
    <subfield code="a">48p.</subfield>
    <subfield code="b">ill.</subfield>
    <subfield code="c">29cm.</subfield>
  </datafield>
  <datafield tag="942" ind1=" " ind2=" ">
    <subfield code="2">ddc</subfield>
    <subfield code="c">FOR</subfield>
  </datafield>
  <datafield tag="999" ind1=" " ind2=" ">
    <subfield code="c">2942</subfield>
    <subfield code="d">2942</subfield>
  </datafield>
  <datafield tag="952" ind1=" " ind2=" ">
    <subfield code="0">0</subfield>
    <subfield code="1">0</subfield>
    <subfield code="2">ddc</subfield>
    <subfield code="4">0</subfield>
    <subfield code="6">FOR_&#x17A1;&#x17C4;_1991_000000000000000_B116_OR_1</subfield>
    <subfield code="7">0</subfield>
    <subfield code="9">14089</subfield>
    <subfield code="a">LBB</subfield>
    <subfield code="b">LBB</subfield>
    <subfield code="c">B116</subfield>
    <subfield code="d">2015-11-01</subfield>
    <subfield code="o">FOR &#x17A1;&#x17C4; 1991 B116 Or.1</subfield>
    <subfield code="p">RUA026451</subfield>
    <subfield code="r">2015-11-01</subfield>
    <subfield code="w">2015-11-01</subfield>
    <subfield code="y">FOR</subfield>
  </datafield>
  <datafield tag="952" ind1=" " ind2=" ">
    <subfield code="0">0</subfield>
    <subfield code="1">0</subfield>
    <subfield code="2">ddc</subfield>
    <subfield code="4">0</subfield>
    <subfield code="6">FOR_&#x17A1;&#x17C4;_1991_000000000000000_B116_OR_2</subfield>
    <subfield code="7">0</subfield>
    <subfield code="9">14090</subfield>
    <subfield code="a">LBB</subfield>
    <subfield code="b">LBB</subfield>
    <subfield code="c">B116</subfield>
    <subfield code="d">2015-11-01</subfield>
    <subfield code="o">FOR &#x17A1;&#x17C4; 1991 B116 Or.2</subfield>
    <subfield code="p">RUA026442</subfield>
    <subfield code="r">2015-11-01</subfield>
    <subfield code="w">2015-11-01</subfield>
    <subfield code="y">FOR</subfield>
  </datafield>
  <datafield tag="952" ind1=" " ind2=" ">
    <subfield code="0">0</subfield>
    <subfield code="1">0</subfield>
    <subfield code="2">ddc</subfield>
    <subfield code="4">0</subfield>
    <subfield code="6">FOR_&#x17A1;&#x17C4;_1991_000000000000000_B116_OR_3</subfield>
    <subfield code="7">0</subfield>
    <subfield code="9">14091</subfield>
    <subfield code="a">LBB</subfield>
    <subfield code="b">LBB</subfield>
    <subfield code="c">B116</subfield>
    <subfield code="d">2015-11-01</subfield>
    <subfield code="o">FOR &#x17A1;&#x17C4; 1991 B116 Or.3</subfield>
    <subfield code="p">RUA026232</subfield>
    <subfield code="r">2015-11-01</subfield>
    <subfield code="w">2015-11-01</subfield>
    <subfield code="y">FOR</subfield>
  </datafield>
  <datafield tag="952" ind1=" " ind2=" ">
    <subfield code="0">0</subfield>
    <subfield code="1">0</subfield>
    <subfield code="2">ddc</subfield>
    <subfield code="4">0</subfield>
    <subfield code="6">FOR_&#x17A1;&#x17C4;_1991_000000000000000_B116_OR_4</subfield>
    <subfield code="7">0</subfield>
    <subfield code="9">14092</subfield>
    <subfield code="a">LBB</subfield>
    <subfield code="b">LBB</subfield>
    <subfield code="c">B116</subfield>
    <subfield code="d">2015-11-01</subfield>
    <subfield code="o">FOR &#x17A1;&#x17C4; 1991 B116 Or.4</subfield>
    <subfield code="p">RUA026435</subfield>
    <subfield code="r">2015-11-01</subfield>
    <subfield code="w">2015-11-01</subfield>
    <subfield code="y">FOR</subfield>
  </datafield>
</record>
